000 00969pam a2200265 a 4500
001 2894455
005 20241214155201.0
008 870416s1987 nyua b 001 0 eng c
020 _a0881671851
050 1 0 _aQM455
_b.C68 1987
082 0 0 _a611/.81
_219
245 0 0 _aCranial and spinal magnetic resonance imaging :
_ban atlas and guide /
_c[edited by] David L. Daniels, Victor M. Haughton, Thomas P. Naidich.
260 _aNew York :
_bRaven Press,
_cc1987.
300 _axiii, 315 p. :
_bill. (some col.) ;
_c32 cm.
650 0 _aBrain
_xAnatomy
_xAtlases.
650 0 _aSpinal cord
_xAnatomy
_xAtlases.
650 0 _aMagnetic resonance imaging
_xAtlases.
650 2 _aBrain
_xanatomy & histology
_xatlases.
650 2 _aNuclear Magnetic Resonance
_xatlases.
650 2 _aSpine
_xanatomy & histology
_xatlases.
700 1 _aDaniels, David L.
_q(David Lee),
_d1949-
700 1 _aHaughton, Victor M.
700 1 _aNaidich, Thomas P.,
_d1944-
942 _2lcc
_cBK
_n0
999 _c2238
_d2238